00596nam a2200181 a 450000500170000000800410001701000140005802000260007203500130009803700150011104000180012608200080014410000200015224501160017226000390028827000660032730000210039320090821153831.0080927s2008 ii bs 001 0 eng  aENG-94807 c100.00a9788187482932 aEN-78340 bDBAD / PUB adplbEnglish  a881 aShukla, Prayag  aWhile a plane zooms past in the sky:cby Prayag Shukla ba bilingual collection of peoms in Hindi and English / aBikaner bVagdevi Prakashan c2009 aVinayak Shikhar, Near Polytechnic College, bBikaner e334003 a64p. c23cm(Hb)